|
|
|
|
| LEADER |
00000nab a2200000 a 4500 |
| 001 |
vtls000909667 |
| 003 |
SK-MaSNL |
| 005 |
20260302173038.0 |
| 008 |
040720e20020905xo 0 slo |
| 035 |
|
|
|a KE18595
|
| 040 |
|
|
|a KEVKJB
|b slo
|c KEVKJB
|e AACR2
|
| 041 |
0 |
|
|a slo
|
| 044 |
|
|
|a xo
|c SK
|
| 080 |
|
|
|a 669.1
|2 1981
|
| 100 |
1 |
|
|a Podhorská, Kveta
|4 aut
|9 872973
|
| 245 |
1 |
0 |
|a Biely dom k Dunaju, dane zatiaľ doma
|b Mimoriadne valné zhromaždenie akcionárov VSŽ prinieslo aj neočakávané prekvapenia. Predsedom predstavenstva je Benedikt
|
| 300 |
|
|
|b 1 obr.
|
| 610 |
2 |
7 |
|a Východoslovenské železiarne (Košice, Slovensko)
|2 KEVKJB
|
| 610 |
2 |
7 |
|a Dozorná rada VSŽ, Košice
|2 KEVKJB
|9 880106
|
| 610 |
2 |
7 |
|a Východoslovenské železiarne Holding (Košice, Slovensko)
|2 snkbucl
|9 29927
|
| 650 |
0 |
7 |
|a valné zhromaždenia
|2 KEVKJB
|9 49799
|
| 650 |
0 |
7 |
|a predstavenstvo
|2 KEVKJB
|9 878099
|
| 650 |
0 |
7 |
|a sídlo VSŽ
|2 KEVKJB
|9 880107
|
| 650 |
0 |
7 |
|a sťahovanie
|2 KEVKJB
|9 877673
|
| 650 |
0 |
7 |
|a informácie
|2 KEVKJB
|9 1285
|
| 651 |
|
7 |
|a Košice (Slovensko)
|2 KEVKJB
|9 18694
|
| 651 |
|
7 |
|a KE,
|2 KEVKJB
|9 877256
|
| 655 |
|
7 |
|a periodikum
|2 snkbucl
|9 29553
|
| 710 |
2 |
|
|a Východoslovenské železiarne (Košice, Slovensko)
|4 aut
|
| 710 |
2 |
|
|a Dozorná rada VSŽ, Košice
|4 aut
|9 880106
|
| 773 |
0 |
8 |
|t Košický večer
|g Roč. 13
|g Roč. 34, č.171, 5.9.2002, s. 1,3
|
| 852 |
|
|
|a ZVYKNI
|b KIS3GCP
|
| 999 |
|
|
|c 1400475
|d 1402405
|